Những tấm lòng cao cả

Tác phẩm được viết theo hình thức nhật ký của Enrico Bottini, một cậu học trò 10 tuổi. Cốt truyện diễn ra theo thứ tự thời gian xuyên suốt năm lớp 3 của Enrico. Ở đó Enrico đã được tiếp xúc với những cậu bé đủ mọi tính cách như Garone,...

全面介绍

Đã lưu trong:
书目详细资料
主要作者: De Amicis, Edmondo
其他作者: Hoàng, Thiếu Sơn
格式: 图书
语言:Undetermined
出版: H. Văn học 2009
主题:
在线阅读:http://lrc.tdmu.edu.vn/opac/search/detail.asp?aID=2&ID=19039
标签: 添加标签
没有标签, 成为第一个标记此记录!
Thư viện lưu trữ: Trung tâm Học liệu Trường Đại học Thủ Dầu Một
LEADER 01454nam a2200217Ia 4500
001 TDMU_19039
008 210410s9999 xx 000 0 und d
082 |a 853 
090 |b A104 
100 |a De Amicis, Edmondo 
245 0 |a Những tấm lòng cao cả 
245 0 |c Edmondo De Amicis; Hoàng Thiếu Sơn dịch 
260 |a H. 
260 |b Văn học 
260 |c 2009 
300 |a 315tr. 
520 |a Tác phẩm được viết theo hình thức nhật ký của Enrico Bottini, một cậu học trò 10 tuổi. Cốt truyện diễn ra theo thứ tự thời gian xuyên suốt năm lớp 3 của Enrico. Ở đó Enrico đã được tiếp xúc với những cậu bé đủ mọi tính cách như Garone, De Rossi, Votini ...Xen kẽ vào cuốn nhật kí của cậu bé Enrico là các truyện đọc hàng tháng (thầy giáo yêu cầu học sinh chép để đọc cho cả lớp), đây là những câu chuyện kể về tấm gương những thiếu niên dũng cảm của nước Ý. 
650 |a Văn học Italia  |v Tiểu thuyết; Tiểu thuyết Italia; Tiểu thuyết dành cho thiếu nhi 
700 |a Hoàng, Thiếu Sơn 
856 |u http://lrc.tdmu.edu.vn/opac/search/detail.asp?aID=2&ID=19039 
980 |a Trung tâm Học liệu Trường Đại học Thủ Dầu Một